Tiến hóa thích nghi của động vật ở nước, ở cạn và kí sinh

Môi trường sống của động vật trên trái đất và con đường chuyển lên cạn của động vật. Tiến hóa thích nghi của động vật ở nước. Tiến hóa thích nghia của động vật ở cạn. Tiến hóa thích nghi của động vật kí sinh.

Đã lưu trong:
Chi tiết về thư mục
Tác giả chính: Thái Trần Bái
Định dạng: Sách
Ngôn ngữ:Vietnamese
Được phát hành: H. Đại học Sư phạm 2015
Những chủ đề:
Các nhãn: Thêm thẻ
Không có thẻ, Là người đầu tiên thẻ bản ghi này!
Thư viện lưu trữ: Mạng thư viện Đại học Đà Nẵng
LEADER 01436nam a2200349 4500
001 000024057
003 20536
005 20160928080948.0
008 160927s2015 viesd
020 |c 109000đ 
041 0 |a vie 
082 1 4 |a 591.4  |b TH-B 
100 1 |a Thái Trần Bái 
245 1 0 |a Tiến hóa thích nghi của động vật ở nước, ở cạn và kí sinh  |c Thái Trần Bái 
260 |a H.  |b Đại học Sư phạm  |c 2015 
300 |a 252 tr.  |b hình ảnh  |c 27 cm. 
520 3 |a Môi trường sống của động vật trên trái đất và con đường chuyển lên cạn của động vật. Tiến hóa thích nghi của động vật ở nước. Tiến hóa thích nghia của động vật ở cạn. Tiến hóa thích nghi của động vật kí sinh. 
650 0 4 |a Động vật  |x Tiến hóa 
650 0 4 |a Động vật  |x Thích nghi 
653 |a Kí sinh 
653 |a Động vật ở cạn 
653 |a Động vật ở nước 
OWN |a LSP 
AVA |a UDN50  |b LSP  |d 591.4 TH-B  |e check_holdings  |t Error 5003 Not defined in file expand_doc_bib_avail.  |h N  |k 1 
999 |a From the UDN01 
AVA |a UDN50  |b LSP  |d 591.4 TH-B  |e available  |t Error 5001 Not defined in file expand_doc_bib_avail.  |f 15  |g 0  |h N  |i 5  |k 1 
TYP |a Monograph 
TYP |a Printed language 
980 |a Mạng thư viện Đại học Đà Nẵng